| 000 | 00710nam a2200229Ia 4500 | ||
|---|---|---|---|
| 001 | 2901 | ||
| 003 | GE_BSU | ||
| 008 | 181216s||||||||xx |||||||||||||| ||und|| | ||
| 020 | _a5721801913 | ||
| 040 | _cGE_BSU | ||
| 080 | _a33+369(075.8) | ||
| 100 | _aА.М.Бабич, Егоров Е.В. Е.Н.Жильцов | ||
| 245 | _aЭкономика социального страхования | ||
| 245 | _bкурс лекций. Экономический факультет МГУ | ||
| 260 | _aМосква | ||
| 260 | _bТеис | ||
| 260 | _c1998 | ||
| 300 | _a190 с. 20 см. | ||
| 541 | _h7 л. 30 т. | ||
| 653 | _aЭкономика социального страхования | ||
| 942 | _cBK | ||
| 999 |
_c36950 _d36950 |
||